000 00468cam a22001337a 4500
008 180718b1967 xxu||||| |||| 00| 0 eng d
082 _aT1 Sm51/C393
100 _aChaudhuri, Asoke Kumar
245 _aThe wealth of nations: an analysis with speical to under-developed countries
_cby Asoke Kunar Chaudhuri
260 _aCalcutta
_bWorld Press
_c1967
300 _a165p.
650 _aSteel industry and trade - India
650 _aEconomics - Criticism and Interpretation
999 _c362300
_d362300